Going west / (Record no. 5323)

MARC details
000 -LEADER
fixed length control field 00926nam a22003017a 4500
001 - CONTROL NUMBER
control field 5323
003 - CONTROL NUMBER IDENTIFIER
control field FISKH
005 - DATE AND TIME OF LATEST TRANSACTION
control field 20241126100824.0
008 - FIXED-LENGTH DATA ELEMENTS--GENERAL INFORMATION
fixed length control field 241126b cb ||||| |||| 00| 0 eng d
020 ## - INTERNATIONAL STANDARD BOOK NUMBER
International Standard Book Number 9780140560961
040 ## - CATALOGING SOURCE
Original cataloging agency FISKH
Language of cataloging eng
Transcribing agency FISKH
Modifying agency FISKH
050 ## - LIBRARY OF CONGRESS CALL NUMBER
Classification number PZ7.V3273
082 ## - DEWEY DECIMAL CLASSIFICATION NUMBER
Classification number 808.068
100 ## - MAIN ENTRY--PERSONAL NAME
Personal name Leeuwen, van jean
Dates associated with a name (1937-)
245 ## - TITLE STATEMENT
Title Going west /
Statement of responsibility, etc. Jean Van Leeuwen Pictures by Thomas B.Allen A Puffin Pied Piper
250 ## - EDITION STATEMENT
Edition statement Published in 1992
260 ## - PUBLICATION, DISTRIBUTION, ETC.
Place of publication, distribution, etc. New York :
Name of publisher, distributor, etc. Puffin Book,
Date of publication, distribution, etc. 1992.
300 ## - PHYSICAL DESCRIPTION
Extent 45 pages :
Other physical details Color illustrations ;
Dimensions 22 cm
505 ## - FORMATTED CONTENTS NOTE
Formatted contents note O<br/>
520 ## - SUMMARY, ETC.
Summary, etc. Follows a family's emigration by prairie schooner from the East, across the plains to Kansas.
521 8# - TARGET AUDIENCE NOTE
Target audience note 600L<br/>
Source Lexile<br/>
521 8# - TARGET AUDIENCE NOTE
Target audience note O<br/>
Source Raz-Plus<br/>
650 ## - SUBJECT ADDED ENTRY--TOPICAL TERM
Source of heading or term Frontier
Topical term or geographic name entry element Hardcover
651 ## - SUBJECT ADDED ENTRY--GEOGRAPHIC NAME
Source of heading or term Pioneers
Geographic name History
700 ## - ADDED ENTRY--PERSONAL NAME
Personal name B.Allen, Thomas
Dates associated with a name Illustrator
942 ## - ADDED ENTRY ELEMENTS (KOHA)
Source of classification or shelving scheme Dewey Decimal Classification
Koha item type Books
Suppress in OPAC No
Holdings
Withdrawn status Lost status Source of classification or shelving scheme Damaged status Not for loan Collection Home library Current library Shelving location Date acquired Total Checkouts Full call number Barcode Date last seen Copy number Price effective from Koha item type
    Dewey Decimal Classification     Fiction Footprints International School Library Network Toul Kork Campus Footprints International School Library Network Toul Kork Campus TK Primary Library Room(4th Floor), Bookcase 3&4, Shelves 17-32, Yellow Books 11/26/2024   LEE 808.068 PZ7.V3273 FISTK02438 11/26/2024 1 11/26/2024 Books